| 000 | 00812nam a22002177a 4500 | ||
|---|---|---|---|
| 999 |
_c19568 _d19568 |
||
| 003 | AR-CdUCM | ||
| 008 | 190518b ||||| |||| 00| 0 spa d | ||
| 040 |
_aMUNICIPALIDAD PROVINCIAL DEL CUSCO _cBIBLIOTECA MUNICIPAL DEL CUSCO |
||
| 082 |
_a630.985 / _bCH11 |
||
| 100 |
_aCha, Chungsuk _940983 |
||
| 245 | _aEl rol de la selva en la desarrollo agrícola del Perú / | ||
| 260 |
_bBanco central de reserva del Perú, _c1967. |
||
| 300 |
_a138 paginas ; _c24 cm. |
||
| 505 | _aContenido :Naturaleza del problema agrícola del Perú --Perspectivas relativas de la costa y de la sierra --Dinámica del proceso de desarrollo de la selva ... | ||
| 650 |
_aCosta _928595 |
||
| 650 |
_aSierra _920679 |
||
| 650 |
_aSelva _931531 |
||
| 650 |
_aAgricultura _9320 |
||
| 942 |
_2ddc _cLIBROS |
||
| 945 |
_arjall _d2019-05-18 |
||